| 000 | 00463pab a2200157 454500 | ||
|---|---|---|---|
| 008 | 180718b2015 xxu||||| |||| 00| 0 eng d | ||
| 100 | _aCole, Wade M. | ||
| 245 | _aInternational human rights and domestic income inequality: a difficult case of compliance in world society | ||
| 260 | _c2015 | ||
| 300 | _ap.359-390. | ||
| 362 | _aApr | ||
| 650 | _aIncome distribution | ||
| 650 | _aHuman rights | ||
| 773 | _aAmerican Sociological Review | ||
| 909 | _a108459 | ||
| 999 |
_c108454 _d108454 |
||